| 000 | 00467nam a2200169Ia 4500 | ||
|---|---|---|---|
| 003 | GCL | ||
| 008 | 140319s9999 xx 000 0 eng d | ||
| 040 |
_aGCL / _cGCL |
||
| 082 | 0 | 4 |
_aM _bKAIRO _b5000 |
| 100 | 1 | _aREPRODUCED AT THE SURVEY OF EGYPT | |
| 245 | 1 | 0 |
_aLA KAIRO SCALE 1:5000 / _cREPRODUCED AT THE SURVEY OF EGYPT |
| 260 |
_a[S.N] : _bREPRODUCED AT THE SURVEY OF EGYPT |
||
| 650 | 0 | 4 | _aMAPS |
| 650 | 0 | 4 | _aCAIRO |
| 650 | 0 | 4 | _aPLACE EZBEKYEH |
| 942 |
_2ddc _cMP |
||
| 999 |
_c25760 _d25760 |
||